Think and grow rich (Record no. 7711)
[ view plain ]
| 000 -LEADER | |
|---|---|
| fixed length control field | 00813nam a22002777a 4500 |
| 001 - CONTROL NUMBER | |
| control field | 012878658 |
| 003 - CONTROL NUMBER IDENTIFIER | |
| control field | TZ-ArACH |
| 005 - DATE AND TIME OF LATEST TRANSACTION | |
| control field | 20251125141858.0 |
| 008 - FIXED-LENGTH DATA ELEMENTS--GENERAL INFORMATION | |
| fixed length control field | 040513s2004 enk 001 0 eng |
| 015 ## - NATIONAL BIBLIOGRAPHY NUMBER | |
| National bibliography number | GBA4X2402 |
| Source | bnb |
| 020 ## - INTERNATIONAL STANDARD BOOK NUMBER | |
| International Standard Book Number | 9781585424337 |
| Terms of availability | £7.99 |
| 040 ## - CATALOGING SOURCE | |
| Original cataloging agency | StDuBDS |
| Modifying agency | Uk |
| Language of cataloging | eng |
| Transcribing agency | TZ-ArACH |
| 042 ## - AUTHENTICATION CODE | |
| Authentication code | ukblsr |
| 050 ## - LIBRARY OF CONGRESS CALL NUMBER | |
| Classification number | HF5386 |
| Item number | .H57 2005 |
| 100 1# - MAIN ENTRY--PERSONAL NAME | |
| Personal name | Hill, Napoleon |
| Dates associated with a name | 1883-1970. |
| 245 10 - TITLE STATEMENT | |
| Title | Think and grow rich |
| Statement of responsibility, etc | Napoleon Hill. |
| 250 ## - EDITION STATEMENT | |
| Remainder of edition statement | revised and expanded by Arthur R. Pell. |
| 260 ## - PUBLICATION, DISTRIBUTION, ETC. (IMPRINT) | |
| Place of publication, distribution, etc | London: |
| Name of publisher, distributor, etc | Vermilion, |
| Date of publication, distribution, etc | 2004 |
| 300 ## - PHYSICAL DESCRIPTION | |
| Extent | xv, 302 p. |
| Dimensions | 20cm. |
| 500 ## - GENERAL NOTE | |
| General note | Orginally published: Meriden, Conn. : Ralston Society, 1937. |
| 500 ## - GENERAL NOTE | |
| General note | Includes index. |
| 500 ## - GENERAL NOTE | |
| General note | Formerly CIP. |
| Institution to which field applies | Uk |
| 650 #0 - SUBJECT ADDED ENTRY--TOPICAL TERM | |
| Topical term or geographic name as entry element | Success in business. |
| 700 1# - ADDED ENTRY--PERSONAL NAME | |
| Personal name | Pell, Arthur R. |
| 942 ## - ADDED ENTRY ELEMENTS (KOHA) | |
| Source of classification or shelving scheme | Library of Congress Classification |
| Koha item type | Books |
| Home library | Current library | Date acquired | Full call number | Barcode | Koha item type |
|---|---|---|---|---|---|
| African Court on Human and Peoples' Rights Library | African Court on Human and Peoples' Rights Library | 25/11/2025 | HF5386 .H57 2005 | 10039295 | Books |
